00771nam a2200217Ii 45000010005000000030009000050080041000140400033000550410008000880820018000961000027001142450041001412640066001823000012002483360026002603370028002863380027003149400050003419990017003919520145004088876CO-ViMGA241108s9999||||xx |||||||||||||| ||und|| aCO-ViMGAbspaerdacCO-ViMGA0 aunk04a986.6063 V6571 aGilberto Vieira95477110a9 de abril :bexperiencia del pueblo 1a[Lugar de publicación no identificado] : Suramericana, 1973 avolumen atextbtxt2rdacontent aunmediatedbn2rdamedia avolumebnc2rdacarrier aidficha_siabuc: 8677. -- ficha_no_siabuc:8876 c51995d51995 001040708001aMEVIGERRbMEVIGERRcGENd2006-11-27hVol.1o986.6063 V657pECA9270r2024-11-26 10:08:48tEj.1w2024-11-26yBKz8677 | 12135